3D city models from aerial imagery: integrating images and the landscape (Record no. 74840)
[ view plain ]
| 000 -LEADER | |
|---|---|
| fixed length control field | 01291cab a2200229 4500 |
| 001 - CONTROL NUMBER | |
| control field | ABS68734 |
| 008 - FIXED-LENGTH DATA ELEMENTS--GENERAL INFORMATION | |
| fixed length control field | 050225n2005 000 0 eng u |
| 035 ## - SYSTEM CONTROL NUMBER | |
| System control number | (Sirsi) u128888 |
| 100 ## - MAIN ENTRY--PERSONAL NAME | |
| Personal name | Ulm, K. |
| 245 ## - TITLE STATEMENT | |
| Title | 3D city models from aerial imagery: integrating images and the landscape |
| 260 ## - PUBLICATION, DISTRIBUTION, ETC. | |
| Date of publication, distribution, etc. | 2005 |
| 490 ## - SERIES STATEMENT | |
| Series statement | Geo Informatics |
| Volume/sequential designation | (8) January/February 2005, 18-21(3) |
| 520 ## - SUMMARY, ETC. | |
| Summary, etc. | Investigates the world of large area 3D city models generated using photogrammetry or laser scanning, focusing in particular on the photo-realistic textured 3D city models created from aerial imagery by CyberCity AG through a semi-automatic procedure using in-house developed software modules called CC-Modeler. These city models are primarily used for applications in urban planning, architectural visualisation, real estate and tourism marketing and electronic entertainment. Looks also at ArcGIS (ESRI), which manages large 3D city model datasets and Map2day at a web-based GIS service with interaction between a 2D city map and 3D visualisation. Figures show CC-Modeler and other output. |
| 590 ## - LOCAL NOTE (RLIN) | |
| Local note | ABS |
| 650 ## - SUBJECT ADDED ENTRY--TOPICAL TERM | |
| Topical term or geographic name entry element | PHOTOGRAMMETRY |
| 650 ## - SUBJECT ADDED ENTRY--TOPICAL TERM | |
| Topical term or geographic name entry element | AERIAL PHOTOGRAPHY |
| 650 ## - SUBJECT ADDED ENTRY--TOPICAL TERM | |
| Topical term or geographic name entry element | AERIAL SURVEY |
| 650 ## - SUBJECT ADDED ENTRY--TOPICAL TERM | |
| Topical term or geographic name entry element | MAPPING |
| 650 ## - SUBJECT ADDED ENTRY--TOPICAL TERM | |
| Topical term or geographic name entry element | 3D MODELLING |
| 690 ## - LOCAL SUBJECT ADDED ENTRY--TOPICAL TERM (OCLC, RLIN) | |
| Topical term or geographic name as entry element | Geomatics |
| 9 (RLIN) | 6242 |
| 942 ## - ADDED ENTRY ELEMENTS (KOHA) | |
| Suppress in OPAC | 0 |
| Withdrawn status | Lost status | Source of classification or shelving scheme | Damaged status | Not for loan | Home library | Current library | Shelving location | Date acquired | Total Checkouts | Full call number | Barcode | Date last seen | Copy number | Price effective from | Koha item type |
|---|---|---|---|---|---|---|---|---|---|---|---|---|---|---|---|
| Dewey Decimal Classification | London | London | Journal article | 25/02/2005 | ABS68734 | 128888-1001 | 06/08/2019 | 1 | 06/08/2019 | Journal article |